| 000 | 00404cam a2200157ua 4500 | ||
|---|---|---|---|
| 041 |
_aeng _h |
||
| 082 |
_a028.73423 _bDEU/PO |
||
| 100 | _aDeutsch, Babette . | ||
| 245 |
_aPoetry handbook: A dictionary of terms / _cBabette Deutsch. _hTextual Documents |
||
| 250 |
_a1 / _b. |
||
| 260 |
_aLondon : _bJonathan Cape , _c1965. |
||
| 300 | _a181 ; . | ||
| 504 | _a | ||
| 942 | _cBK | ||
| 999 |
_c10174 _d10174 |
||